Résumé à peu près, trouvez les films - Statistiques

Statistiques générales
  • Ce quiz a été pris 341 fois
  • Le résultat moyen est 10 sur 12
Statistiques - réponses
Résumé Film % Correct
C'est un gars, il va dans le passé pour sauver son futur et accessoirement draguer sa maman .... Classe Retour vers le futur
90%
Je crois que c'est un remake de la croisière s'amuse et de l'âge de glace, en tout cas il y avait la place pour deux sur la planche, v'là l'égoïste la nana Titanic
90%
Je t'avoue, j'ai pas tout compris mais c'est un type, il prend une pilule que lui donne un mec pas net, ça devait être du LSD ou un truc du genre parce qu'il se retrouve dans un monde tout moisi avec le super pouvoir de faire des ralentis Matrix
88%
Alors c'est l'histoire d'un gars, bon c est pas le pingouin qui glisse le plus vite sur la banquise mais il est super fort en ping-pong et en course à pied Forrest Gump
87%
Je sais pas le réalisateur il s'est enflammé, il a fait les Schtroumpfs en version live et il les fait affronter les humains Avatar
86%
Bah c'est l'histoire d'espèces de shérifs de l'espace qui se promènent en robe de chambre et se battent avec des néons, t'en as un il a de gros problèmes de syntaxe Star Wars
86%
Oui bah tourne le comme tu veux, il peut tirer des rayons par les yeux ou voler dans le ciel, je fais pas confiance à quelqu'un qui enfile son slip par dessus son pantalon Superman
86%
Non mais genre c'est un super héros mais tu me files son compte en banque moi aussi je me fais une voiture pimpee et je m achete du matos pour combattre les méchants ... Batman
85%
C'était pas mal, c'est un groupe de potes qui partent en vadrouille pour faire fondre une vieille bague, soi disant c'est pour sauver le monde mais c est pas net, ils avaient des aigles volants depuis le début qui pouvaient faire le taf Le Seigneur des Anneaux
84%
Donc pendant tout le film, le gars il se bagarrait avec lui même et comme tout le monde il fantasme sur Brad Pitt Fight Club
81%
À un moment ça fout le camp, y a ChatGPT qui part en sucette et qui envoie des robots nudistes dans le passé pour tuer des gens Terminator
54%
C'est un petit vieux, il a voulu faire son propre Disneyland mais il a eu la main lourde sur les mascottes, surtout qu'elles essaient de manger les enfants c'est pas super safe Jurassic Park
37%
Aucun quiz correspondant
Distribution des résultats
% des personnes avec chaque résultat
Percentile par nombre de réponses
Votre historique - résultats
Vous n’avez pas pris ce quiz